Formas artísticas y sociedad de masas : Elementos para una genealogía del gusto: el entresiglo XIX-XX /

Đã lưu trong:
Chi tiết về thư mục
Tác giả chính: Tomás Ferré, Facundo
Định dạng: Không biết
Ngôn ngữ:Spanish
Được phát hành: Madrid, España : Antonio Machado Libros, 2001.
Những chủ đề:
Các nhãn: Thêm thẻ
Không có thẻ, Là người đầu tiên thẻ bản ghi này!

MARC

LEADER 000000000a22000000004500
001 009626
020 |a 8477746214 
041 0 |a spa 
082 0 4 |a 701.17   |b F655f 
100 1 |a Tomás Ferré, Facundo 
245 1 0 |a Formas artísticas y sociedad de masas :   |b Elementos para una genealogía del gusto: el entresiglo XIX-XX /   |c Facundo Tomás Ferré. 
260 1 |a Madrid, España :   |b Antonio Machado Libros,   |c 2001. 
300 |a 273 páginas ;   |c 22 cm. 
650 4 |a ARTE Y LITERATURA 
650 4 |a CRITICAS 
650 4 |a LITERATURA Y SOCIEDAD DE MASAS 
999 |c 15777  |d 15777 
942 |c BK  |h 701.17 F655f  |2 z